| 000 | 00389nam a2200133Ia 4500 | ||
|---|---|---|---|
| 008 | 210210b1984 xxu||||| |||| 00| 0 eng d | ||
| 082 | _a306.0954 DANY | ||
| 100 | _aDANIEL (J T K) & GOPALAN (R), Ed. | ||
| 245 | _aVision for India tomorrow: explorations in social ethics. | ||
| 260 |
_aMadras _bChristian College. _c1984 |
||
| 300 | _ax,271 | ||
| 690 | _aIndian Society | ||
| 906 | _aSG01948 | ||
| 999 |
_c113254 _d113254 |
||